00690nam a2200193Ia 4500003000900000008004100009040001600050080001600066100002500082245009400107260004800201300001000249490004200259650003000301650002600331942000700357999001500364952011700379IN-BaIIA211028s9999 xx 000 0 eng d cIIA Library a517.98bNEU aNeumann, J. V.94393 0aFunctional operatorsbvol IcJ. V. Neumann  aPrincetonbPrinceton University Pressc1950 a261p. aAnnals of Mathematics Studies, no. 21 aFunctional Analysis93259 aOperator Theory94394 cBK c2459d2459 00104070aBANbBANcGENd1965-06-22g27.00l0o517.98/ NEUp2746r2021-11-05v27.00w1965-06-22yBKGRs. 27.00